[Event "Michigan Open Reserve"]
[Site "Lansing, MI"]
[Date "2001.09.01"]
[Round "2.1"]
[White "Sobh, Hassan"]
[Black "Carr, Jay"]
[Result "1-0"]
[WhiteElo "1788"]
[BlackElo "1600"]
[PlyCount "77"]
[EventDate "2001.08.31"]

1. f4 Nf6 2. Nf3 d5 3. d4 e6 4. e3 Bd7 5. Bd3 c5 6. c3 Nc6 7. Ne5 c4 8. Bc2 g6
9. O-O Bg7 10. Nd2 Qe7 11. e4 O-O 12. Re1 Qd6 13. Qe2 b5 14. Qf3 Rac8 15. b3
dxe4 16. Nxe4 Nxe4 17. Bxe4 Nxe5 18. fxe5 Qc7 19. Ba3 Rfd8 20. Be7 Re8 21. Bd6
Qd8 22. Rf1 Rf8 23. Bxf8 Qxf8 24. b4 Qe8 25. Rf2 Bc6 26. Raf1 Bxe4 27. Qxe4 Rc7
28. g4 Qd8 29. Kg2 Qd5 30. Qxd5 exd5 31. g5 Re7 32. a4 a6 33. Ra1 Rb7 34. axb5
axb5 35. Ra8+ Bf8 36. e6 Kg7 37. Rxf7+ Rxf7 38. exf7 Kxf7 39. Rd8 1-0

[Event "Michigan Open Booster"]
[Site "Lansing, MI"]
[Date "2001.09.01"]
[Round "2.23"]
[White "Smith, Tim"]
[Black "Krivochenitser, Roman"]
[Result "0-1"]
[WhiteElo "1260"]
[BlackElo "1381"]
[PlyCount "30"]
[EventDate "2001.08.31"]

1. d4 d5 2. e3 Nf6 3. Bd3 Nc6 4. Nf3 Bg4 5. Nbd2 e5 6. c3 e4 7. Bc2 exf3 8.
Nxf3 Bd6 9. O-O Qd7 10. Re1 O-O-O 11. Qd2 h5 12. h3 Bf5 13. Nh4 Be4 14. f3 Bxc2
15. Qxc2 Bg3 0-1

[Event "Michigan Open Booster"]
[Site "Lansing, MI"]
[Date "2001.09.01"]
[Round "1.23"]
[White "Smeckert, Dennis"]
[Black "Tolek, Cuneyd"]
[Result "1-0"]
[WhiteElo "1284"]
[BlackElo "1103"]
[PlyCount "49"]
[EventDate "2001.08.31"]

1. e4 c5 2. Nc3 e6 3. d3 Nc6 4. g4 Bd6 5. Bg2 Nge7 6. Nge2 O-O 7. Be3 a6 8. O-O
Qc7 9. f4 b6 10. Ng3 Qb8 11. Nce2 Bb7 12. c3 Ng6 13. Qd2 Nh4 14. Rf2 Nxg2 15.
Rxg2 Ne7 16. f5 f6 17. Nf4 Kh8 18. fxe6 g5 19. Nfh5 dxe6 20. Rf1 Be5 21. Rgf2
Bxg3 22. hxg3 Qe5 23. Kh2 Nc8 24. Bxg5 fxg5 25. Rxf8# {Possible moves missing,
game continues: 25...Kh7 26.Qf2 Bc6 27.Qf7} 1-0

[Event "Michigan Open Booster"]
[Site "Lansing, MI"]
[Date "2001.09.01"]
[Round "3.3"]
[White "Smeckert, Dennis"]
[Black "Clark, Richard"]
[Result "1-0"]
[WhiteElo "1284"]
[BlackElo "1238"]
[PlyCount "71"]
[EventDate "2001.08.31"]

1. e4 e5 2. Nc3 Nf6 3. d3 Bb4 4. Nge2 h6 5. h3 c6 6. g4 d5 7. exd5 cxd5 8. Bd2
d4 9. Nb1 Nc6 10. Bg2 Qb6 11. b3 Bxd2+ 12. Nxd2 Be6 13. O-O Bd5 14. f3 O-O-O
15. Ng3 Ne7 16. Nde4 Nxe4 17. fxe4 Be6 18. Rf2 Ng6 19. Qd2 Nf4 20. c4 Kd7 21.
Raf1 g5 22. Kh2 Rdf8 23. Bf3 Rh7 24. Nh5 Ke7 25. b4 Nxh5 26. gxh5 f5 27. exf5
Rxf5 28. Be4 Rxf2+ 29. Rxf2 Rf7 30. Rxf7+ Bxf7 31. b5 Qc5 32. h4 Qc8 33. Qf2
Qg8 34. Qf5 gxh4 35. Qxe5+ Kd7 36. Qxd4+ 1-0

[Event "Michigan Open"]
[Site "Lansing, MI"]
[Date "2001.09.01"]
[Round "3.10"]
[White "Skidmore, Mike"]
[Black "Palmer, Tony"]
[Result "0-1"]
[WhiteElo "1837"]
[BlackElo "2051"]
[PlyCount "92"]
[EventDate "2001.08.31"]

1. e4 e5 2. Nf3 Nc6 3. Bb5 a6 4. Ba4 Nf6 5. d3 b5 6. Bb3 Bc5 7. O-O d6 8. c3
Bg4 9. h3 Bh5 10. Bg5 Qd7 11. a4 Rb8 12. Nbd2 h6 13. Be3 Bxe3 14. fxe3 O-O 15.
axb5 axb5 16. c4 Nb4 17. Qe2 Ra8 18. g4 Bg6 19. Nh4 Bh7 20. cxb5 Qxb5 21. Bc4
Qb6 22. Rxa8 Rxa8 23. Nf5 Bxf5 24. gxf5 d5 25. exd5 Nc2 26. Rf3 Ra1+ 27. Nf1
Qxb2 28. Rf2 Rc1 29. Rg2 Qb1 30. Rg3 Re1 31. Qf2 Qc1 32. Bb3 Nxe3 33. Rxe3
Rxf1+ 34. Qxf1 Qxe3+ 35. Kh1 Nh5 36. Kg2 Qg3+ 37. Kh1 Nf4 38. Bc4 Qxh3+ 39.
Qxh3 Nxh3 40. Kg2 Ng5 41. Kg3 Kf8 42. Kg4 Ke7 43. Kh5 Nh7 44. Kg4 Nf6+ 45. Kf3
Kd6 46. Ke3 Nxd5+ 0-1

[Event "Michigan Open"]
[Site "Lansing, MI"]
[Date "2001.09.01"]
[Round "2.11"]
[White "Skidmore, Jennifer"]
[Black "Thurman, John"]
[Result "1/2-1/2"]
[WhiteElo "1906"]
[BlackElo "1601"]
[PlyCount "102"]
[EventDate "2001.08.31"]

1. e4 e5 2. f4 exf4 3. Bc4 d6 4. d4 Qh4+ 5. Kf1 Ne7 6. Qf3 Nbc6 7. c3 Ng6 8. g3
Qg4 9. Bxf4 Be7 10. Nd2 O-O 11. h3 Qxf3+ 12. Ngxf3 Nxf4 13. gxf4 Kh8 14. Kf2 f5
15. e5 Na5 16. Bd3 Be6 17. c4 dxe5 18. fxe5 b6 19. a3 Nb7 20. b4 c6 21. h4 Rad8
22. Ke3 Rd7 23. Kf4 Rfd8 24. Rag1 a5 25. Nb3 axb4 26. axb4 Bxb4 27. Ng5 Bg8 28.
Bxf5 Re7 29. Rc1 Na5 30. Nxa5 bxa5 31. Ke4 a4 32. Rhd1 a3 33. d5 cxd5+ 34. cxd5
Bd6 35. Be6 Bb8 36. Ra1 h6 37. Nf3 Bxe6 38. dxe6 Rxd1 39. Rxd1 a2 40. Nd4 Ba7
41. Ra1 Bxd4 42. Kxd4 Ra7 43. Kd5 Kg8 44. Kd6 Kf8 45. e7+ Ke8 46. Ke6 Ra6+ 47.
Kf5 Kxe7 48. h5 Kf7 49. e6+ Ke7 50. Kg6 Rxe6+ 51. Kxg7 Ra6 1/2-1/2

[Event "Michigan Open"]
[Site "Lansing, MI"]
[Date "2001.09.01"]
[Round "3.15"]
[White "Skidmore, Jennifer"]
[Black "Cottrell-Finegold, Kelly"]
[Result "0-1"]
[WhiteElo "1906"]
[BlackElo "1076"]
[PlyCount "98"]
[EventDate "2001.08.31"]

1. e4 c5 2. Nc3 g6 3. f4 Bg7 4. Nf3 Nc6 5. g3 d6 6. Bg2 e5 7. d3 Be6 8. O-O Nf6
9. h3 Qd7 10. Ng5 O-O 11. Ne2 d5 12. fxe5 Nxe5 13. Bf4 Nc6 14. Nxe6 Qxe6 15.
exd5 Nxd5 16. Bd2 Ne3 17. Bxe3 Qxe3+ 18. Kh2 Rae8 19. Nf4 Be5 20. Rf3 Qd4 21.
c3 Qd6 22. Ne2 h5 23. Qa4 Re6 24. Rd1 Bg7 25. Nf4 Rf6 26. Rdf1 Bh6 27. Nd5 Rxf3
28. Bxf3 Bg7 29. Qh4 Re8 30. Be4 Re6 31. Qg5 Ne7 32. Rf2 b6 33. Ne3 Rf6 34. Re2
Kh7 35. Nc4 Bh6 36. Qxh5 Qc7 37. Qh4 Kg7 38. Bg2 Nf5 39. Qg4 Nxg3 40. Kg1 Nxe2+
41. Qxe2 Qf4 42. a4 Qg3 43. Qe5 Bf4 44. Qxf6+ Kxf6 45. a5 bxa5 46. Nxa5 Qe1+
47. Bf1 Be3+ 48. Kg2 Qf2+ 49. Kh1 Qg1# 0-1

[Event "Michigan Open Reserve"]
[Site "Lansing, MI"]
[Date "2001.09.01"]
[Round "1.24"]
[White "Scioly, Tony"]
[Black "Nicolli, Randy"]
[Result "1-0"]
[WhiteElo "1533"]
[BlackElo "1706"]
[PlyCount "117"]
[EventDate "2001.08.31"]

1. e4 d6 2. d4 Nf6 3. Nc3 g6 4. f4 Bg7 5. Nf3 O-O 6. Be2 c6 7. O-O Bg4 8. b3
Nbd7 9. Bb2 Qc7 10. e5 Nd5 11. Nxd5 cxd5 12. c4 Bxf3 13. Rxf3 dxc4 14. Bxc4 Nb6
15. Be2 Nd5 16. Rc1 Qb6 17. Bc4 Nb4 18. a3 Nc6 19. Kh1 Rad8 20. d5 dxe5 21.
fxe5 Nxe5 22. Bd4 Qd6 23. Rf1 e6 24. dxe6 Qxd4 25. e7 Rfe8 26. exd8=Q Rxd8 27.
Qxd4 Rxd4 28. Rcd1 Nxc4 29. Rxd4 Bxd4 30. bxc4 f6 31. Rd1 Bc5 32. a4 b6 33.
Rd8+ Kf7 34. Rd7+ Ke6 35. Rxa7 h5 36. g3 Ke5 37. Rd7 Ke4 38. Rd5 Bd4 39. Kg2
Kd3 40. a5 bxa5 41. c5 a4 42. c6 a3 43. Ra5 Be5 44. Rxa3+ Ke4 45. Ra7 Kf5 46.
c7 Bxc7 47. Rxc7 g5 48. Rc5+ Ke4 49. Kf2 f5 50. Rc4+ Kd5 51. Ra4 Ke5 52. Ke3
Kf6 53. Ra5 Ke6 54. h3 Kf6 55. Kd4 h4 56. gxh4 gxh4 57. Ra6+ Kg5 58. Ke5 f4 59.
Ra4 1-0

[Event "Michigan Open Booster"]
[Site "Lansing, MI"]
[Date "2001.09.01"]
[Round "1.22"]
[White "Schwan, Fred"]
[Black "Walker, Justin"]
[Result "1-0"]
[WhiteElo "1230"]
[BlackElo "1372"]
[PlyCount "37"]
[EventDate "2001.08.31"]

1. c4 e5 2. Nc3 c6 3. e3 Nf6 4. g3 a6 5. Bg2 Bd6 6. d3 O-O 7. Nf3 Bb4 8. O-O b5
9. cxb5 axb5 10. Nxe5 Re8 11. Ng4 d6 12. Nxf6+ Qxf6 13. Nxb5 cxb5 14. Bxa8 Re7
15. Qc2 Bc5 16. d4 Bh3 17. dxc5 Bxf1 18. cxd6 Qxd6 19. Qc8+ 1-0

[Event "Michigan Open Booster"]
[Site "Lansing, MI"]
[Date "2001.09.01"]
[Round "2.21"]
[White "Schwan, Fred"]
[Black "Smeckert, Dennis"]
[Result "1/2-1/2"]
[WhiteElo "1230"]
[BlackElo "1284"]
[PlyCount "54"]
[EventDate "2001.08.31"]

1. c4 e5 2. Nc3 Nf6 3. g3 Be7 4. Bg2 O-O 5. d3 c6 6. Nf3 d6 7. O-O Be6 8. b3
Re8 9. Bb2 Nbd7 10. Qc2 Nf8 11. Rad1 Ng6 12. Nd2 h5 13. Nce4 h4 14. Ng5 hxg3
15. hxg3 Bf5 16. e4 Bd7 17. Bh3 Ng4 18. Ngf3 Ne3 19. fxe3 Bxh3 20. Rf2 Qd7 21.
Nh2 Bg5 22. Re1 Qd8 23. Ndf3 Qa5 24. Bc3 Qd8 25. Kh1 Be6 26. Qe2 Be7 27. Kg2 f6
{Could not figure out remainder.} 1/2-1/2

[Event "Michigan Open Reserve"]
[Site "Lansing, MI"]
[Date "2001.09.01"]
[Round "2.24"]
[White "Schey, Danny"]
[Black "Scioly, Tony"]
[Result "1-0"]
[WhiteElo "1717"]
[BlackElo "1533"]
[PlyCount "99"]
[EventDate "2001.08.31"]

1. c4 Nf6 2. Nc3 g6 3. g3 Bg7 4. Bg2 Nc6 5. e4 d6 6. Nge2 e5 7. O-O O-O 8. d3
Ne7 9. f4 c6 10. b4 Qb6+ 11. c5 dxc5 12. Na4 Qxb4 13. Bd2 Qb5 14. Be3 b6 15.
Rb1 Qa6 16. fxe5 Ng4 17. Bg5 f6 18. Qb3+ Kh8 19. exf6 Nxf6 20. e5 Nfd5 21.
Rxf8+ Bxf8 22. Nf4 Bf5 23. Be4 h6 24. Bf6+ Kh7 25. Nc3 c4 26. Qc2 cxd3 27. Bxd3
Bxd3 28. Nxd3 Nxc3 29. Qxc3 Qxa2 30. Rf1 c5 31. Nf4 Nd5 32. Qd3 Nxf4 33. Qd7+
Kg8 34. gxf4 Qf7 35. Qc6 Rb8 36. Rd1 Qb7 37. Qe6+ Qf7 38. Qg4 Rb7 39. h4 Be7
40. Bxe7 Rxe7 41. Rd8+ Kg7 42. h5 Qf5 43. Qh4 Rf7 44. Rd6 Qxh5 45. Qg3 Qf5 46.
e6 Re7 47. Qc3+ Qf6 48. Qe3 c4 49. Rd7 Rxd7 50. exd7 1-0

[Event "Michigan Open Reserve"]
[Site "Lansing, MI"]
[Date "2001.09.01"]
[Round "3.18"]
[White "Saylor, Oliver"]
[Black "Laurin, Edward"]
[Result "0-1"]
[WhiteElo "1536"]
[BlackElo "1551"]
[PlyCount "72"]
[EventDate "2001.08.31"]

1. e4 d6 2. d4 Nf6 3. Nc3 g6 4. Nf3 Bg7 5. Be2 c6 6. Be3 b5 7. a3 O-O 8. h3 Bb7
9. Qd2 Nbd7 10. Bh6 a5 11. Bxg7 Kxg7 12. Qd3 e5 13. O-O Qe7 14. Rfe1 b4 15. Nd1
exd4 16. c3 dxc3 17. bxc3 Nc5 18. Qc2 bxa3 19. Nd2 Ba6 20. Rxa3 Bxe2 21. Rxe2
d5 22. e5 Nfe4 23. c4 Nxd2 24. Qxd2 Ne4 25. Qc1 Qc5 26. Kh1 Rfe8 27. Kh2 Rxe5
28. f3 Qd6 29. Qa1 d4 30. Kg1 Ng3 31. Rxe5 Qxe5 32. Nf2 Qc5 33. Rd3 Qxc4 34.
Kh2 Ne2 35. Qb2 Nc3 36. Ne4 Qxd3 0-1

[Event "Michigan Open"]
[Site "Lansing, MI"]
[Date "2001.09.01"]
[Round "3.8"]
[White "Sanetullaev, Alisher"]
[Black "Hahn, David"]
[Result "1/2-1/2"]
[WhiteElo "1837"]
[BlackElo "2162"]
[PlyCount "81"]
[EventDate "2001.08.31"]

1. e4 d6 2. d4 Nf6 3. Nc3 g6 4. f4 Bg7 5. Nf3 c5 6. Be2 O-O 7. O-O cxd4 8. Nxd4
Nbd7 9. Be3 a6 10. a4 Qc7 11. Kh1 b6 12. Qe1 Bb7 13. Bf3 Rae8 14. Rd1 e6 15. g4
e5 16. Nde2 exf4 17. Bxf4 Ne5 18. Qg3 Rd8 19. g5 Nfd7 20. Bg2 Nc5 21. Bc1 Ne6
22. Nf4 Nxf4 23. Qxf4 f5 24. gxf6 Rxf6 25. Qh4 Rdf8 26. Rxf6 Rxf6 27. Bg5 Nf3
28. Qg3 Nxg5 29. Qxg5 Rf2 30. Rd2 Rxd2 31. Qxd2 Bxc3 32. bxc3 Qc5 33. Qd3 a5
34. Qg3 Qe5 35. Qh3 Bxe4 36. Qc8+ Kg7 37. Qd7+ Kh6 38. Qh3+ Kg7 39. Qd7+ Kh6
40. Qh3+ Kg7 41. Qd7+ 1/2-1/2

[Event "Michigan Open Reserve"]
[Site "Lansing, MI"]
[Date "2001.09.01"]
[Round "2.10"]
[White "Raban, David"]
[Black "Mose, Greg"]
[Result "0-1"]
[WhiteElo "1538"]
[BlackElo "1500"]
[PlyCount "56"]
[EventDate "2001.08.31"]

1. d4 d5 2. c4 c6 3. Nf3 Nf6 4. Nc3 e6 5. e3 Be7 6. Qc2 Nbd7 7. g4 h6 8. h3 Qc7
9. Be2 e5 10. cxd5 cxd5 11. Qb3 e4 12. Nd2 Nb6 13. f3 Qg3+ 14. Kd1 Qg2 15. Rf1
Qxh3 16. fxe4 Nxg4 17. Nf3 dxe4 18. Nxe4 Be6 19. Bb5+ Bd7 20. Bxd7+ Nxd7 21.
Qxf7+ Kd8 22. Qc4 Rf8 23. Qe2 Rc8 24. Bd2 Nb6 25. Ke1 Nd5 26. Nc3 Bh4+ 27. Nxh4
Qxh4+ 28. Kd1 Rxf1+ 0-1

[Event "Michigan Open Reserve"]
[Site "Lansing, MI"]
[Date "2001.09.01"]
[Round "3.20"]
[White "Raban, David"]
[Black "Kahn, Aaron"]
[Result "0-1"]
[WhiteElo "1538"]
[BlackElo "1474"]
[PlyCount "62"]
[EventDate "2001.08.31"]

1. d4 e6 2. c4 d5 3. Nc3 Nc6 4. Nf3 Bb4 5. a3 Bxc3+ 6. bxc3 Nge7 7. e3 O-O 8.
cxd5 exd5 9. Bd3 Bg4 10. Qc2 Ng6 11. Nd2 Re8 12. h3 Bd7 13. O-O Qg5 14. Nf3 Qh5
15. Rb1 Bxh3 16. gxh3 Qxf3 17. Kh2 Nh4 18. Rg1 Qh5 19. Rg3 Rab8 20. e4 Nf3+ 21.
Kh1 Ne1 22. Qe2 Qxe2 23. Bxe2 Rxe4 24. Re3 Na5 25. Bb2 Rxe3 26. fxe3 Nc2 27.
Bc1 Re8 28. Bd2 b6 29. Bd3 Nxa3 30. Rg1 N3c4 31. Rxg7+ Kxg7 0-1

[Event "Michigan Open Reserve"]
[Site "Lansing, MI"]
[Date "2001.09.01"]
[Round "2.25"]
[White "Nicolli, Randy"]
[Black "Laurin, Edward"]
[Result "1-0"]
[WhiteElo "1706"]
[BlackElo "1551"]
[PlyCount "69"]
[EventDate "2001.08.31"]

1. f4 Nf6 2. Nf3 d5 3. e3 Bf5 4. Be2 e6 5. O-O Nbd7 6. d3 Bc5 7. h3 Qe7 8. Nc3
c6 9. Bd2 Bg6 10. Qe1 Qd6 11. Kh1 O-O-O 12. Na4 Rde8 13. b4 Bb6 14. c4 dxc4 15.
dxc4 Bc7 16. c5 Qe7 17. b5 cxb5 18. Bxb5 a6 19. Bxd7+ Nxd7 20. Bb4 Qd8 21. Qc3
a5 22. Ba3 Qf6 23. Nd4 Be4 24. Nb6+ Bxb6 25. cxb6+ Bc6 26. Qxa5 Qd8 27. Qa8+
Nb8 28. Nxc6 bxc6 29. b7+ Kc7 30. Qa5+ Kxb7 31. Rab1+ Kc8 32. Qa8 Qc7 33. Bd6
Qxd6 34. Qb7+ Kd8 35. Rfd1 1-0

[Event "Michigan Open Reserve"]
[Site "Lansing, MI"]
[Date "2001.09.01"]
[Round "1.23"]
[White "Neshewat, Michael"]
[Black "Saylor, Oliver"]
[Result "1-0"]
[WhiteElo "1713"]
[BlackElo "1536"]
[PlyCount "123"]
[EventDate "2001.08.31"]

1. d4 Nf6 2. Nf3 e6 3. e3 d6 4. Bd3 b6 5. O-O Bb7 6. Nbd2 Be7 7. c4 O-O 8. b3
Nbd7 9. Re1 c5 10. Bb2 cxd4 11. exd4 Re8 12. Qc2 Nf8 13. Rac1 Rc8 14. a3 Ng6
15. Bxg6 fxg6 16. Rxe6 d5 17. Rce1 Bd6 18. Rxe8+ Nxe8 19. Ne5 Qg5 20. Ndf3 Qf6
21. Qe2 Qf8 22. c5 Bc7 23. Nd7 Qf5 24. Qxe8+ Rxe8 25. Rxe8+ Kf7 26. Rf8+ Ke7
27. Rxf5 gxf5 28. cxb6 axb6 29. Nde5 h5 30. h3 Kf6 31. g4 fxg4 32. hxg4 hxg4
33. Nxg4+ Kf5 34. Ne3+ Kf4 35. Ne5 g5 36. Bc1 Bxe5 37. Ng2+ Kf5 38. dxe5 d4 39.
e6 Kxe6 40. Bxg5 Kf5 41. Bd2 Ba6 42. f4 Ke4 43. Kf2 Kd3 44. Ke1 Kc2 45. b4 Kb3
46. Bc1 d3 47. Ne3 Bb7 48. f5 Be4 49. f6 Bg6 50. Nd5 b5 51. Kd2 Kc4 52. Nf4 Bf7
53. Nxd3 Kd5 54. Nc5 Kd6 55. Bb2 Kd5 56. Ke3 Kd6 57. Kd4 Kc6 58. Ke5 Kc7 59.
Ne6+ Kd7 60. Ng5 Ke8 61. Nxf7 Kxf7 62. Kd6 1-0

[Event "Michigan Open Reserve"]
[Site "Lansing, MI"]
[Date "2001.09.01"]
[Round "3.8"]
[White "Neshewat, Michael"]
[Black "Choate, Eric"]
[Result "1-0"]
[WhiteElo "1713"]
[BlackElo "1370"]
[PlyCount "53"]
[EventDate "2001.08.31"]

1. e4 e5 2. Nf3 d6 3. h3 Nf6 4. d4 exd4 5. Qxd4 Nc6 6. Qa4 Bd7 7. Bg5 Be7 8.
Nbd2 O-O 9. Bd3 Re8 10. O-O-O Ne5 11. Qb3 Nxd3+ 12. Qxd3 h6 13. Be3 a6 14. g4
Nh7 15. Rdg1 Bc6 16. h4 Bf8 17. g5 h5 18. g6 fxg6 19. Rxg6 Kh8 20. Ng5 Qd7 21.
Nxh7 Kxh7 22. Rhg1 Re7 23. Bd4 Rae8 24. Qe2 Rxe4 25. Qxh5+ Kg8 26. Nxe4 Re7 27.
Nf6+ 1-0

[Event "Michigan Open"]
[Site "Lansing, MI"]
[Date "2001.09.01"]
[Round "3.19"]
[White "Morris, Jewell"]
[Black "Kriseler, Mark"]
[Result "1-0"]
[WhiteElo "1853"]
[BlackElo "1952"]
[PlyCount "59"]
[EventDate "2001.08.31"]

1. d4 d5 2. c4 e5 3. dxe5 d4 4. e3 dxe3 5. Qxd8+ Kxd8 6. Bxe3 Nc6 7. Nf3 Bg4 8.
Nbd2 Bb4 9. O-O-O Ke7 10. Bg5+ f6 11. exf6+ gxf6 12. Bf4 Kf7 13. Bxc7 Nd4 14.
Nxd4 Bxd1 15. Kxd1 Nh6 16. Ne4 f5 17. Nd6+ Kf6 18. f4 Ng4 19. Kc1 Bxd6 20. Bxd6
Rhd8 21. Nb5 Rac8 22. Be2 a6 23. Bxg4 axb5 24. Be5+ Kg6 25. Bf3 Rxc4+ 26. Kb1
b6 27. Rc1 Rdc8 28. Rxc4 bxc4 29. Kc2 b5 30. Kc3 1-0

[Event "Michigan Open Reserve"]
[Site "Lansing, MI"]
[Date "2001.09.01"]
[Round "3.13"]
[White "Moroney, Timothy"]
[Black "Guilfoyle, Jeff"]
[Result "1-0"]
[WhiteElo "1581"]
[BlackElo "1402"]
[PlyCount "43"]
[EventDate "2001.08.31"]

1. e4 c5 2. Nf3 d6 3. d4 cxd4 4. Nxd4 Nf6 5. Nc3 Nc6 6. Be2 e6 7. Be3 Be7 8.
O-O O-O 9. f4 Nxd4 10. Qxd4 Nd7 11. Rad1 f5 12. Nb5 fxe4 13. Nxd6 Bxd6 14. Qxd6
Qf6 15. Bc4 Nb6 16. Bxb6 axb6 17. Qxb6 Kh8 18. Rd6 Qf5 19. Rd8 e5 20. Rxf8+
Qxf8 21. fxe5 Bf5 22. Be6 1-0

[Event "Michigan Open Reserve"]
[Site "Lansing, MI"]
[Date "2001.09.01"]
[Round "2.7"]
[White "Moore, Robert"]
[Black "Katsuhara, Osamu"]
[Result "0-1"]
[WhiteElo "1600"]
[BlackElo "1308"]
[PlyCount "118"]
[EventDate "2001.08.31"]

1. e4 c5 2. Nf3 d6 3. d4 cxd4 4. Nxd4 Nf6 5. Nc3 a6 6. Bg5 e6 7. f4 Be7 8. Qf3
Qc7 9. g4 Nbd7 10. O-O-O b5 11. Bxf6 Nxf6 12. g5 Nd7 13. f5 Nb6 14. f6 gxf6 15.
gxf6 Bf8 16. Qh5 e5 17. Nf5 Bxf5 18. Qxf5 b4 19. Nd5 Nxd5 20. exd5 Rb8 21. Qe4
a5 22. Kb1 a4 23. Bc4 Qc5 24. Rhg1 Bh6 25. b3 axb3 26. cxb3 Ra8 27. Rg2 Be3 28.
Re2 Bh6 29. Qd3 Bf4 30. Rc2 Qa7 31. Bb5+ Kd8 32. Qc4 Rg8 33. Qc6 e4 34. a4 bxa3
35. Ka2 Rb8 36. Re1 Qb7 37. Rxe4 Qxc6 38. Bxc6 Be5 39. Rf2 Rg1 40. Rxe5 dxe5
41. Re2 Rg5 42. Kxa3 Kc7 43. b4 Kd6 44. Re4 Rg6 45. b5 Rxf6 46. Ra4 Kc5 47. Re4
Rf5 48. Kb3 f6 49. Rg4 Rg5 50. Re4 Rh5 51. Kc3 Kd6 52. Ra4 f5 53. Ra7 Kc5 54.
Re7 f4 55. Re6 Rf5 56. d6 f3 57. Be4 f2 58. Bxf5 f1=Q 59. Rxe5+ Kxd6 0-1

[Event "Michigan Open Reserve"]
[Site "Lansing, MI"]
[Date "2001.09.01"]
[Round "3.19"]
[White "Moore, Martin"]
[Black "Holden, Anthony"]
[Result "1-0"]
[WhiteElo "1554"]
[BlackElo "1503"]
[PlyCount "48"]
[EventDate "2001.08.31"]

1. d4 d5 2. Nf3 f6 3. e3 Nc6 4. c4 Bg4 5. Nbd2 e6 6. a3 a6 7. h3 Bh5 8. b4 Nce7
9. Bb2 Nh6 10. Rc1 c6 11. Bd3 Bg6 12. Bxg6+ Nxg6 13. O-O f5 14. Nb3 Nf7 15. Nc5
Qc8 16. Ne5 Ngxe5 17. dxe5 h5 18. Na4 Qc7 19. f4 Rh6 20. cxd5 exd5 21. Qxd5 Rd8
22. Qb3 Rd5 23. Qxd5 Qe7 24. Qb3 Rg6 {Moves missing.} 1-0

[Event "Michigan Open Reserve"]
[Site "Lansing, MI"]
[Date "2001.09.01"]
[Round "2.26"]
[White "Moore, Martin"]
[Black "Guilfoyle, Jeff"]
[Result "0-1"]
[WhiteElo "1554"]
[BlackElo "1402"]
[PlyCount "59"]
[EventDate "2001.08.31"]

1. d4 d5 2. Nf3 e6 3. e3 Nf6 4. Bd3 c5 5. b3 Nc6 6. Bb2 Be7 7. a3 b6 8. Nbd2
Bb7 9. O-O O-O 10. c4 dxc4 11. bxc4 Rc8 12. Qc2 h6 13. Ne5 cxd4 14. exd4 Nxd4
15. Qc3 Bc5 16. Nb3 Ne4 17. Qe1 Nxb3 18. Bxe4 Bxe4 19. Qxe4 Nxa1 20. Rxa1 Be7
21. Qf3 Bf6 22. Rd1 Qe8 23. Qb7 Bxe5 24. Bxe5 Rxc4 25. Qxa7 Qc6 26. h3 Rc1 27.
Rxc1 Qxc1+ 28. Kh2 Qc6 29. Bd4 Qd6+ 30. Kg1 0-1

[Event "Michigan Open Booster"]
[Site "Lansing, MI"]
[Date "2001.09.01"]
[Round "3.4"]
[White "Mitchell, Dave"]
[Black "Schwan, Fred"]
[Result "1/2-1/2"]
[WhiteElo "1295"]
[BlackElo "1230"]
[PlyCount "62"]
[EventDate "2001.08.31"]

1. e4 c5 2. Nc3 d6 3. g3 Nf6 4. Bg2 Nc6 5. d3 Bg4 6. f3 Bh5 7. Nge2 e6 8. Be3
Be7 9. Qd2 d5 10. exd5 exd5 11. d4 Qb6 12. O-O-O Rd8 13. Nf4 c4 14. Nxh5 Nxh5
15. Rhe1 O-O 16. Bg5 Nf6 17. f4 Rfe8 18. Bxf6 Bxf6 19. Nxd5 Qxd4 20. Qxd4 Bxd4
21. Rxe8+ Rxe8 22. Nc7 Rd8 23. Kb1 Na5 24. Nb5 Bb6 25. Rxd8+ Bxd8 26. Nxa7 Bb6
27. Nb5 Bg1 28. f5 Bxh2 29. g4 Be5 30. c3 Kf8 31. Bd5 Ke7 1/2-1/2

[Event "Michigan Open"]
[Site "Lansing, MI"]
[Date "2001.09.01"]
[Round "2.6"]
[White "McIntosh, Shawn"]
[Black "Ciaffone, Bob"]
[Result "0-1"]
[WhiteElo "1845"]
[BlackElo "2111"]
[Annotator "Bob Ciaffone"]
[PlyCount "82"]
[EventDate "2001.08.31"]

1. e4 c5 2. Nf3 d6 3. Bb5+ {This move is a way that White can dodge the
complicated main lines of the Open Sicilian.} Nc6 {Both 3...Bd7 and 3... Nd7
are more popular black options, but I had prepared this 3...Nc6 for the MI
Open this year.} 4. O-O Bd7 5. Re1 a6 6. Bf1 Bg4 7. h3 $6 {Too early. White
should get in position to recapture with the other knight before kicking the
bishop.} Bh5 $6 {Better is Bxf3 followed by g6.} 8. c3 e6 9. d3 Be7 10. Nbd2
Nf6 {We are now in the normal position for this line, reached by h3 and Bh5
here instead of earlier.} 11. Qb3 $6 Na5 $6 {Black should castle here, since
Qxb7?? loses to Na5 trapping the lady.} 12. Qd1 Nc6 13. Qb3 $6 Na5 $6 14. Qd1
O-O 15. d4 cxd4 16. cxd4 d5 17. e5 Nd7 {We now have a French Defense structure,
but Black is doing fine because his white-squared bishop is outside the pawn
chain.} 18. Bd3 b5 19. Nf1 Qb6 20. Be3 Nc4 21. b3 Nxe3 {21...Nb2? loses a pawn
to 22.Bxh7+ Kxh7 23.Qc2+ Kg8 24.Qxb2} 22. fxe3 f6 {Active play for Black} 23.
g4 fxe5 $1 24. gxh5 e4 25. Bxe4 dxe4 26. N3d2 Bh4 $1 27. Re2 Nf6 28. Rg2 Qd6
29. Nxe4 $5 {I had overlooked this trick, which produces deep complications.}
Nxe4 30. Qg4 {The point; White's queen attacks the Ne4, Bh5, and also
threatens mate on g7.} Ng5 $1 {White did not see this; the h4 bishop is immune
because of the knight-fork on f3} 31. Kh1 $4 (31. Nd2 $8 Nxh3+ 32. Qxh3 Bf6 33.
Ne4 Qd5 34. Nxf6+ Rxf6 35. Rf1 Raf8 $17) 31... Rf3 $1 {Black is clearly
winning now. What follows is a massacre.} 32. Rh2 Qd5 33. Kg1 Qe4 34. Qg2 Raf8
35. Rd1 Qf5 36. Rc1 Bf2+ 37. Kh1 Bxe3 38. Nxe3 Rxe3 39. Rg1 Qe4 40. h4 Qxg2+
41. Rhxg2 Rh3+ 0-1

[Event "Michigan Open Reserve"]
[Site "Lansing, MI"]
[Date "2001.09.01"]
[Round "2.2"]
[White "McCarter, Robert"]
[Black "Ash, Richard"]
[Result "1/2-1/2"]
[WhiteElo "1600"]
[BlackElo "1781"]
[PlyCount "81"]
[EventDate "2001.08.31"]

1. d4 d5 2. Nf3 Nf6 3. Bf4 e6 4. e3 c5 5. c3 Nc6 6. Nbd2 Be7 7. h3 O-O 8. Bd3
Qb6 9. Rb1 cxd4 10. exd4 h6 11. O-O Ne8 12. Re1 Bd6 13. Bxd6 Nxd6 14. Ne5 Nxe5
15. dxe5 Nf5 16. Nf3 Ne7 17. Bc2 Bd7 18. Qd3 g6 19. Nd4 Nc6 20. Re3 Nxd4 21.
cxd4 Bb5 22. Qd2 Kg7 23. h4 Rac8 24. Rb3 Rc4 25. Rd1 Qc6 26. Bd3 Ba4 27. Bxc4
dxc4 28. Rc1 Bxb3 29. axb3 b5 30. bxc4 bxc4 31. b3 Rd8 32. Rxc4 Qe4 33. g3 Qb1+
34. Kh2 Qxb3 35. Rb4 Qd5 36. Qf4 a5 37. Qf6+ Kg8 38. Rb7 Qxb7 39. Qxd8+ Kg7 40.
Qxa5 Qb2 41. Kg2 1/2-1/2

[Event "Michigan Open Reserve"]
[Site "Lansing, MI"]
[Date "2001.09.01"]
[Round "2.21"]
[White "Matias, I.C."]
[Black "Yang, Yinghan"]
[Result "1/2-1/2"]
[WhiteElo "1606"]
[BlackElo "1759"]
[PlyCount "72"]
[EventDate "2001.08.31"]

1. d4 Nf6 2. c4 e6 3. Nc3 Bb4 4. e3 O-O 5. Bd3 d5 6. Nf3 Nbd7 7. O-O Bxc3 8.
bxc3 Re8 9. cxd5 exd5 10. Qc2 c6 11. Re1 Qc7 12. h3 h6 13. Nd2 c5 14. e4 cxd4
15. cxd4 Qxc2 16. Bxc2 dxe4 17. Nxe4 Nxe4 18. Rxe4 Rxe4 19. Bxe4 Nf6 20. Bf3
Be6 21. Bxb7 Rb8 22. Bf3 Nd5 23. Be3 Rb2 24. a4 Rb3 25. Bd1 Rd3 26. Be2 Rc3 27.
Rd1 Nxe3 28. fxe3 Rxe3 29. Kf2 Ra3 30. d5 Bd7 31. Bb5 Bxb5 32. axb5 Kf8 33. b6
axb6 34. Rb1 Ra6 35. Rb5 Ke7 36. Ke3 Kd6 1/2-1/2